| 000 | 00530nam a22001817a 4500 | ||
|---|---|---|---|
| 005 | 20160113121348.0 | ||
| 008 | 160113b xxu||||| |||| 00| 0 eng d | ||
| 040 | _aLoreto College | ||
| 041 | _aEnglish | ||
| 082 |
_a811.3 _bWHI |
||
| 100 |
_aChari, V K _q V K Chari |
||
| 245 |
_aWhitman in the Light of Vedantic Mysticism _b:an interpretation _cV K Chari |
||
| 260 |
_aLincoln _bUniversity of Nebraska _c1964 |
||
| 300 |
_axiii, 176p. _bInclude index |
||
| 650 | _aAmerican poetry in English | ||
| 850 | _aLCLIB | ||
| 942 | _cBK | ||
| 999 |
_c40272 _d90751 |
||